La Ley de quiebras Nº 11.719 (Registro nro. 7511)

Detalles MARC
000 -LEADER
fixed length control field 00639 a2200193 4500
001 - CONTROL NUMBER
control field 61971
005 - DATE AND TIME OF LATEST TRANSACTION
control field 20260407155912.0
008 - FIXED-LENGTH DATA ELEMENTS--GENERAL INFORMATION
fixed length control field 260407a1963 arg spa d
003 - CONTROL NUMBER IDENTIFIER
control field AR-UNSa-BCEJYS
040 ## - CATALOGING SOURCE
Original cataloging agency AR-UNSa-BCEJYS
Language of cataloging spa
Transcribing agency AR-UNSa-BCEJYS
080 ## - UNIVERSAL DECIMAL CLASSIFICATION NUMBER
Universal Decimal Classification number 347.736
Common auxiliary subdivision Quiebra. Insolvencia. Suspensión de pagos. Bancarrota, procedimientos. Derecho Concursal
041 ## - LANGUAGE CODE
Language code of text/sound track or separate title spa
100 1# - MAIN ENTRY--PERSONAL NAME
Personal name Loza, Eufracio R.
245 10 - TITLE STATEMENT
Title La Ley de quiebras Nº 11.719
Name of part/section of a work Comentada, concordada y anotada
264 #1 - PRODUCTION, PUBLICATION, DISTRIBUTION, MANUFACTURE, AND COPYRIGHT NOTICE
Place of production, publication, distribution, manufacture Buenos Aires :
Name of producer, publisher, distributor, manufacturer Víctor P. de Zavalía
Date of production, publication, distribution, manufacture, or copyright notice 1963
300 ## - PHYSICAL DESCRIPTION
Extent 366 p.
Dimensions 24 cm.
590 ## - LOCAL NOTE (RLIN)
Local note niveau_biblio:m niveau_hierar:0
942 ## - ADDED ENTRY ELEMENTS (KOHA)
Koha item type
Existencias
Withdrawn status Lost status Damaged status Not for loan Home library Current library Shelving location Date acquired Total checkouts Full call number Barcode Date last seen Price effective from Koha item type
        Biblioteca Prof. Eusebio Cleto del Rey Biblioteca Prof. Eusebio Cleto del Rey   07/04/2026   347.736 L925e/1963 L20923 07/04/2026 07/04/2026 Libro